000 00462nam a2200181Ia 4500
001 5162
005 20260306145848.0
008 260306t2000||||xx |||||||||||||| ||spa||
041 _aESP
082 _aS 336.343
_bC35
100 _aCastro Suárez, Pedro
_eAUT
245 0 _aDel sobreendeudamiento a las crisis financieras de los noventa
260 _c2000
300 _a167 páginas :
_c21 cm.
650 _aGEN
654 _aCAN
942 _cLIB
_dJUS
_fJUS
_2ddc
_n
999 _c5162
_d5162